Statystyki dla 40 postaci historycznych, które powinieneś znać

Kliknij tutaj aby rozwiązać quiz!

Ogólne statystyki

  • Ten quiz został rozwiązany 4 048 razy
    (2 111 od ostatniego zresetowania)
  • Średni wynik to 22 z 40

Statystyki odpowiedzi

WskazówkaOsoba% Poprawnych
Namalował "Mona Lisę"Leonardo da Vinci
90%
Biblijny MesjaszJezus Chrystus
89%
Napisał "Hamleta"William Szekspir
86%
Odkrył "Nowy Świat"Krzysztof Kolumb
85%
Autor "Pana Tadeusza"Adam Mickiewicz
84%
Opracował teorię ewolucjiKarol Darwin
83%
Dyktator III RzeszyAdolf Hitler
80%
Opisał zasady dynamikiIsaac Newton
78%
Pierwszy prezydent USAJerzy Waszyngton
74%
Rozpoczął zjawisko reformacji głosząc protestantyzmMarcin Luter
74%
Autor "Iliady"Homer
71%
Pierwszy człowiek na KsiężycuNeil Armstrong
71%
Premier Wielkiej Brytanii podczas II wojny światowejWinston Churchill
70%
Pierwszy przywódca ZSRRWłodzimierz Lenin
70%
Pierwszy prezydent III Rzeczpospolitej po upadku komunizmuLech Wałęsa
69%
Wynalazł drukJohannes Gutenberg
67%
Chiński dyktator, doprowadził do śmierci ponad 30 mln osóbMao Zedong
66%
Francuski dyktator w latach 1804-1815Napoleon Bonaparte
63%
Wynalazł żarówkęThomas Edison
58%
Autor "Opowieści wigilijnej"Karol Dickens
57%
Prezydent USA podczas wojny secesyjnejAbraham Lincoln
55%
Grek, który podbił PersjęAleksander Wielki
55%
Wygrał bitwę pod Wiedniem, którą sam dowodziłJan III Sobieski
55%
Twórca islamuMahomet
53%
Prezydent USA podczas większości II wojny światowejFranklin D. Roosevelt
50%
Wygłosił przemowę "Mam marzenie" (ang. "I have a dream")Martin Luther King
48%
Nazywana "Dziewicą orleańską"Joanna d'Arc
46%
Pierwsza kobieta na stanowisku premiera Wielkiej BrytaniiMargaret Thatcher
45%
Przeprowadził słonie przez Alpy w wojnach z RzymemHannibal
44%
Zamordowany podczas idów marcowychJuliusz Cezar
42%
Doprowadził do niepodległości IndiiMahatma Gandhi
40%
Kompozytor muzyki do hymnu UELudwig van Beethoven
38%
Królowa angielska, nazywana dziewicąElżbieta I
37%
Odkrył wschodnie wybrzeże AustraliiJames Cook
34%
Miał tytuł lorda protektora w Anglii w latach 1653-1658Oliver Cromwell
23%
Autorka "Dumy i uprzedzenia"Jane Austen
22%
Nazywany "Wyzwolicielem" Ameryki PołudniowejSimón Bolívar
19%
Pierwsza kobieta pilotAmelia Earhart
18%
Twórca taoizmuLaozi
7%
Nazywana "matką ruchu praw obywatelskich"Rosa Parks
7%

Rozkład punktacji

Percentyl według liczby udzielonych odpowiedzi

Procent ludzi z każdym wynikiem

Twoja historia wyników

Nie rozwiązałeś tego quizu od ostatniego zresetowania